| 000 | 00668nam a22001935i 4500 | ||
|---|---|---|---|
| 001 | 167875 | ||
| 003 | ES-MaACL | ||
| 005 | 20230906213620.0 | ||
| 008 | 980907s1872 fr |||| | fre d | ||
| 040 |
_aCAM _bspa _cCAM |
||
| 100 | 1 |
_aWeber, Alfred. _9116250 |
|
| 245 | 1 | 0 |
_aHistoire de la philosophie européenne / _cpar Alfred Weber. |
| 260 |
_aParis, etc. : _bGermer Baillière... [et al.], _c1872. |
||
| 300 |
_a604 p. ; _c22 cm. |
||
| 650 | 4 |
_aFilosofía- _vHistoria. _9158248 |
|
| 852 |
_aES-MaACL _jG-7979 _z-- Enc. hol. _x-- Completar T260: (Strasbourg: Imprimerie de J.H. Ed. Heitz) |
||
| 852 |
_aES-MaACL _jD-4561 _z-- Enc. hol. |
||
| 999 |
_c167875 _d167875 |
||